群馬県の市町村(1960年) - Statistics

General Stats
  • This quiz has been taken 56 times
  • The average score is 55 of 75
Answer Stats
No. 市町村 備考 % Correct
1 前橋市
100%
2 高崎市
100%
3 桐生市
95%
11 安中市
95%
4 伊勢崎市
93%
5 太田市
93%
6 沼田市
93%
8 渋川市
93%
7 館林市
90%
9 藤岡市
90%
47 吾妻郡 長野原町
90%
10 富岡市
88%
48 吾妻郡 嬬恋村
88%
49 吾妻郡 草津町
88%
42 甘楽郡 甘楽町
85%
44 吾妻郡 中之条町
85%
57 利根郡 水上町 2005年消滅
85%
63 佐波郡 玉村町
85%
31 北群馬郡 榛東村
80%
38 多野郡 上野村
80%
40 甘楽郡 下仁田町
80%
46 吾妻郡 吾妻町 2006年消滅
80%
54 利根郡 片品村
80%
55 利根郡 川場村
80%
73 邑楽郡 千代田村 1982年昇格
80%
14 勢多郡 富士見村 2009年消滅
78%
21 勢多郡 東村 2006年消滅
78%
32 北群馬郡 吉岡村 1991年昇格
78%
33 多野郡 新町 2006年消滅
78%
41 甘楽郡 南牧村
78%
45 吾妻郡 東村 2006年消滅
78%
59 利根郡 昭和村
78%
61 佐波郡 東村 2005年消滅
78%
71 邑楽郡 板倉町
78%
74 邑楽郡 大泉町
78%
75 邑楽郡 邑楽村 1968年昇格
78%
27 群馬郡 群馬町 2006年消滅
75%
51 吾妻郡 高山村
75%
72 邑楽郡 明和村 1998年昇格
75%
16 勢多郡 大胡町 2004年消滅
73%
24 群馬郡 榛名町 2006年消滅
73%
53 利根郡 利根村 2005年消滅
73%
13 勢多郡 赤城村 2006年消滅
70%
20 勢多郡 黒保根村 2005年消滅
70%
50 吾妻郡 六合村 2010年消滅
70%
56 利根郡 月夜野町 2005年消滅
70%
69 山田郡 大間々町 2006年消滅
70%
18 勢多郡 粕川村 2004年消滅
68%
30 北群馬郡 伊香保町 2006年消滅
68%
34 多野郡 鬼石町 2006年消滅
68%
60 佐波郡 赤堀村 1986年昇格
68%
17 勢多郡 宮城村 2004年消滅
65%
35 多野郡 吉井町 2009年消滅
65%
62 佐波郡 境町 2005年消滅
65%
65 新田郡 新田町 2005年消滅
65%
67 新田郡 藪塚本町 2005年消滅
65%
68 新田郡 笠懸村 1990年昇格
65%
19 勢多郡 新里村 2005年消滅
63%
25 群馬郡 倉淵村 1996年改称
63%
28 北群馬郡 子持村 2006年消滅
63%
39 甘楽郡 妙義町 2006年消滅
63%
43 碓氷郡 松井田町 2006年消滅
63%
12 勢多郡 北橘村 2006年消滅
60%
22 群馬郡 倉賀野町 1963年消滅
60%
26 群馬郡 箕郷町 2006年消滅
60%
36 多野郡 万場町 2003年消滅
60%
52 利根郡 白沢村 2005年消滅
60%
64 新田郡 尾島町 2005年消滅
60%
29 北群馬郡 小野上村 2006年消滅
58%
58 利根郡 新治村 2005年消滅
58%
37 多野郡 中里村 2003年消滅
55%
70 山田郡 毛里田村 1963年消滅
45%
15 勢多郡 城南村 1967年消滅
43%
23 群馬郡 群南村 1965年消滅
43%
66 新田郡 宝泉村 1963年消滅
40%
No matching quizzes found
Score Distribution
Percent of People with Each Score
Percentile by Number Answered
Your Score History
You have not taken this quiz